DR Congo Players Biggest Transfers - Statistics

General Stats
  • This quiz has been taken 28 times
  • The average score is 24 of 103
Answer Stats
Player From Joined % Correct
ST Cedric Bakambu 17/18 Villarreal Beijing Guoan
95%
ST Cedric Bakambu 15/16 Bursaspor Villarreal
95%
ST Cedric Bakambu 14/15 Sochaux Bursaspor
95%
CB Chancel Mbemba 15/16 Anderlecht Newcastle United
67%
CB Chancel Mbemba 18/19 Newcastle United Porto
67%
LW Yannick Bolasie 16/17 Crystal Palace Everton
62%
LW Yoane Wissa 21/22 Lorient Brentford
62%
LW Yoane Wissa 17/18 Angers Lorient
62%
LB Arthur Masuaku 16/17 Olympiacos West Ham United
52%
LB Arthur Masuaku 23/24 West Ham United Besiktas
52%
AM Gael Kakuta 15/16 Chelsea Sevilla
43%
AM Gael Kakuta 21/22 Amiens Lens
43%
AM Gael Kakuta 15/16 Sevilla Hebei China Fortune
43%
AM Gael Kakuta 19/20 Rayo Vallecano Amiens
43%
AM Gael Kakuta 18/19 Hebei China Fortune Rayo Vallecano
43%
RW Silas Katompa Mvumpa 19/20 Paris Stuttgart
43%
ST Dieumerci Mbokani 13/14 Anderlecht Dynamo Kyiv
33%
ST Dieumerci Mbokani 10/11 Standard Liege Monaco
33%
ST Dieumerci Mbokani 11/12 Monaco Anderlecht
33%
ST Dieumerci Mbokani 07/08 TP Mazembe Standard Liege
33%
ST Dieumerci Mbokani 10/11 Monaco Wolfsburg
33%
DM Giannelli Imbula 15/16 Porto Stoke City
29%
DM Giannelli Imbula 15/16 Marseille Porto
29%
DM Giannelli Imbula 13/14 Guingamp Marseille
29%
ST Benik Afobe 18/19 Wolverhampton Wanderers Stoke City
24%
ST Benik Afobe 15/16 Wolverhampton Wanderers Bournemouth
24%
ST Benik Afobe 18/19 Bournemouth Wolverhampton Wanderers
24%
ST Benik Afobe 14/15 Arsenal Wolverhampton Wanderers
24%
ST Britt Assombalonga 17/18 Nottingham Forest Middlesbrough
24%
ST Britt Assombalonga 14/15 Peterborough United Nottingham Forest
24%
ST Britt Assombalonga 13/14 Watford Peterborough United
24%
DM Edo Kayembe 21/22 Eupen Watford
24%
DM Edo Kayembe 20/21 Anderlecht Eupen
24%
RW Grady Diangana 20/21 West Ham United West Bromwich Albion
24%
LB Joris Kayembe 13/14 Standard Liege Porto
24%
LW Kazenga LuaLua 11/12 Newcastle United Brighton & Hove Albion
24%
ST Lomana LuaLua 07/08 Portsmouth Olympiacos
24%
ST Lomana LuaLua 00/01 Colchester United Newcastle United
24%
ST Lomana LuaLua 08/09 Olympiacos Al-Arabi
24%
ST Lomana LuaLua 04/05 Newcastle United Portsmouth
24%
CB Marcel Tisserand 18/19 Ingolstadt Wolfsburg
24%
CB Marcel Tisserand 20/21 Wolfsburg Fenerbahce
24%
CB Marcel Tisserand 16/17 Monaco Ingolstadt
24%
CB Marcel Tisserand 22/23 Fenerbahce Al-Ettifaq
24%
CB Marcel Tisserand 17/18 Ingolstadt Wolfsburg
24%
ST Shabani Nonda 00/01 Rennes Monaco
24%
ST Shabani Nonda 98/99 Zurich Rennes
24%
ST Shabani Nonda 07/08 Roma Galatasaray
24%
RW Theo Bongonda 23/24 Cadiz Spartak Moscow
24%
RW Theo Bongonda 19/20 Zulte Waregem Genk
24%
RW Theo Bongonda 22/23 Genk Cadiz
24%
RW Theo Bongonda 18/19 Celta Vigo Zulte Waregem
24%
RW Theo Bongonda 14/15 Zulte Waregem Celta Vigo
24%
LW Aldo Kalulu 18/19 Lyon Basel
19%
CB Assani Lukimya 15/16 Werder Bremen Liaoning
19%
CM Cedric Makiadi 13/14 Freiburg Werder Bremen
19%
RW Chadrac Akolo 17/18 Sion Stuttgart
19%
RW Chadrac Akolo 20/21 Stuttgart Amiens
19%
ST Elias Kachunga 15/16 Paderborn Ingolstadt
19%
ST Elias Kachunga 17/18 Ingolstadt Huddersfield Town
19%
LW Neeskens Kebano 16/17 Genk Fulham
19%
LW Neeskens Kebano 15/16 Charleroi Genk
19%
DM Charles Pickel 22/23 Famalicao Cremonese
14%
DM Charles Pickel 21/22 Grenoble Foot Famalicao
14%
CB Christian Luyindama 19/20 Standard Liege Galatasaray
14%
CB Christian Luyindama 18/19 Standard Liege Galatasaray
14%
CB Gabriel Zakuani 06/07 Leyton Orient Fulham
14%
LB Herita Ilunga 09/10 Toulouse Newcastle United
14%
LB Herita Ilunga 07/08 Saint-Etienne Toulouse
14%
LW Jackson Muleka 22/23 Standard Liege Besiktas
14%
LW Jackson Muleka 20/21 TP Mazembe Standard Liege
14%
SS Meschack Elia 19/20 TP Mazembe Young Boys
14%
ST Simon Banza 22/23 Lens Braga
14%
CM Aaron Tshibola 16/17 Reading Aston Villa
10%
ST Firmin Mubele 18/19 Rennes Toulouse
10%
ST Jeremy Bokila 15/16 Terek Grozny Guangzhou R&F
10%
ST Junior Kabananga 17/18 Astana Al-Nassr
10%
ST Junior Kabananga 19/20 Al-Nassr Qatar SC
10%
LM Michel Dinzey 98/99 Hertha Berlin 1860 Munich
10%
CM Samuel Bastien 18/19 Chievo Verona Standard Liege
10%
CM Samuel Bastien 16/17 Anderlecht Chievo Verona
10%
ST Ali Lukunku 02/03 Standard Liege Galatasaray
5%
ST Ali Lukunku 04/05 Galatasaray Gent
5%
CM Arnaud Lusamba 16/17 Nancy Nice
5%
DM Arnold Mvuemba 12/13 Lorient Lyon
5%
DM Arnold Mvuemba 07/08 Rennes Portsmouth
5%
ST Benjamin Mokulu 14/15 Mechelen Avellino
5%
ST Ben Malango 21/22 Raja Casablanca Sharjah
5%
ST Ben Malango 22/23 Sharjah Qatar SC
5%
CB Chris Mavinga 13/14 Rennes Rubin Kazan
5%
CB Chris Mavinga 11/12 Liverpool Rennes
5%
RW Dieumerci Ndongala 16/17 Gent Standard Liege
5%
RW Dieumerci Ndongala 18/19 Standard Liege Genk
5%
DM Granddi N'Goyi 13/14 Troyes Palermo
5%
RW Harrison Manzala 18/19 Amiens Angers
5%
CB Herve Nzelo-Lembi 02/03 Club Brugge Kaiserslautern
5%
RW Jody Lukoki 15/16 PEC Zwolle Ludogorets Razgrad
5%
ST Oscar Maritu 19/20 Shaanxi Chang'an Athletic Shijiazhuang Ever Bright
5%
AM Paul-Jose Mpoku 16/17 Standard Liege Chievo Verona
5%
AM Paul-Jose Mpoku 19/20 Standard Liege Al-Wahda
5%
AM Paul-Jose Mpoku 14/15 Standard Liege Cagliari
5%
AM Paul-Jose Mpoku 17/18 Chievo Verona Standard Liege
5%
ST Walter Bwalya 20/21 El Gouna El Ahly
5%
No matching quizzes found
Score Distribution
Percent of People with Each Score
Percentile by Number Answered
Your Score History
You have not taken this quiz